000 02015nam0a2200409 4500
001 RU\NLR\bibl\1355276
005 20260406050420.0
010 _a978-5-09-017191-5
_93000
021 _aRU
_b2009-10504
_9612
035 _a(nilc)IZD\Prosv\2007\40-0185-01
035 _a(NLR Aleph) 001340328
090 _a856660
_c856660
100 _a20090302d2009 |||y0rusy50 ca
101 0 _arus
102 _aRU
105 _ay |||||||||
200 1 _aКоррекционно-развивающее обучение и воспитание дошкольников с нарушением интеллекта
_eметодические рекомендации
_fЕ.А. Екжанова, Е.А. Стребелева
210 _aМосква
_cПросвещение
_d2009
215 _a174, [1] с.
_d22
320 _aБиблиогр.: с. 174 и в подстроч. прим.
606 1 _aКоррекционно-развивающее обучение
_jМетодические пособия
_xДошкольные учреждения
_92535843
_3RU\NLR\auth\661501721
606 1 _aДети с нарушением интеллекта
_jМетодические пособия
_xВоспитание и обучение
_92299326
_3RU\NLR\auth\661376686
686 _a047
_aКоррекционная педагогика. Дефектология. Логопедия
_2TCC-BG
686 _a74.35я7
_vLBC/RL
_2rubbk
686 _aЧ435.12я8
686 _aЧ435.13я8
686 _aЧ430.191я8
686 _aЧ411.38я8
700 1 _4070
_8rus
_7ca
_aЕкжанова
_bЕ. А.
_gЕлена Анатольевна
_3RU\NLR\auth\7767954
_950882
701 1 _4070
_8rus
_7ca
_aСтребелева
_bЕ. А.
_gЕлена Антоновна
_3RU\NLR\auth\775898
_9115856
801 0 _aRU
_bЛИБНЕТ
_c20090302
_gRCR
801 1 _aRU
_bВладимирская ОУНБ
_c20090320
_gRCR
801 2 _aRU
_bNLR
_c20090410
_grcr
830 _aCODE_OF_LIBNET\000024537
942 _cBOOK
980 _aNB